000 00803nam a2200205Ia 4500
003 GCL
008 140319s9999 xx 000 0 ara d
020 _a8992235977
040 _aGCL /
_cGCL
082 0 4 _a869.09
_bد ا
100 1 _aخليل كلفت
245 1 0 _aالاسطورة والحداثة (احلام محالة الى التقاعد) :
_bدراسة تطبيقية فى نقد الاسطورة حول رواية (دون كازمورو) /
_cخليل كلفت
700 1 _aديكسون، بول . ب
260 _aالقاهرة :
_bالمجلس الاعلى للثقافة ،
_c1998
300 _a171 ص ؛
_c24 سم
490 _aالمشروع القومى للترجمة
_v35
650 0 4 _aالادب
650 0 4 _aالادب البرازيلى المترجم
942 _2ddc
_cBK
999 _c52162
_d52162